000 00657nam a22001697a 4500
005 20251108175417.0
008 250721s2012 xx 000 0 ara d
082 1 4 _a956/خمي
100 1 _aالخميس، عثمان بن محمد
_eمؤلف
245 1 0 _aحقبة من التاريخ ما بين وفاة النبي صلى الله عليه وسلم إلى مقتل الحسين رضي الله عنه سنة 61 ه /
264 1 _aالقاهرة :
_bمؤسسة زاد للنشر والتوزيع،
_c2012.
300 _a319 ص.
650 1 7 _aالتاريخ الإسلامي
650 1 7 _aعصر الإسلام
942 _2ddc
_cBK
999 _c133472
_d133472